书目信息 |
| 题名: |
中世纪欧洲经济社会史
|
|
| 作者: | 皮朗 著 ;乐文 译 | |
| 分册: | ||
| 出版信息: | 上海 上海人民出版社 2001 |
|
| 页数: | 211页 | |
| 开本: | 22cm | |
| 丛书名: | 世纪文库 | |
| 单 册: | ||
| 中图分类: | F150.93 | |
| 科图分类: | ||
| 主题词: | 欧洲--中世纪史 | |
| 电子资源: | ||
| ISBN: | 7-208-03710-8 | |
| 000 | 00679nam2 2200229 45 | |
| 001 | 0405191645 | |
| 005 | 20040519163707.8 | |
| 010 | @a7-208-03710-8@dCNY17.50 | |
| 100 | @a20040519d2001 km y0chiy0120 ea | |
| 101 | 0 | @achi@ceng |
| 105 | @a z 000yy | |
| 200 | 1 | @a中世纪欧洲经济社会史@AZhong Shi Ji Ou Zhou Jing Ji She Hui Shi@f(比)亨利·皮朗著@F(Bi)Heng Li·Pi Lang Zhu@g乐文译 |
| 210 | @a上海@c上海人民出版社@d2001 | |
| 215 | @a211页@d22cm | |
| 225 | @a世纪文库 | |
| 410 | @12001 @a世纪文库 | |
| 606 | 0 | @a欧洲@x中世纪史 |
| 690 | @aF150.93@v4 | |
| 701 | 0 | @a皮朗@4著 |
| 702 | 0 | @a乐文@AYue Wen@4译 |
| 801 | @aCN@bPftUser@c20040519 | |
| 905 | @b333249@dF150.93@e93@f1 | |
| 中世纪欧洲经济社会史/(比)亨利·皮朗著/乐文译.-上海:上海人民出版社,2001 |
| 211页;22cm.-(世纪文库) |
| ISBN 7-208-03710-8:CNY17.50 |
| ● |
| 相关链接 |
|
|
|
|
正题名:中世纪欧洲经济社会史
索取号:F150.93/93
 
预约/预借
| 序号 | 登录号 | 条形码 | 馆藏地/架位号 | 状态 | 备注 |
| 1 | 0333249 | 203332492 | 第一样本阅览室/ [索取号:F150.93/93] | 在馆 |